000 00625nam a2200229Ia 4500
003 OSt
005 20220928112052.0
006 a|||||r|||| 00| 0
007 ta
008 220927b |||||||| |||| 00| 0 eng d
024 _a48664
037 _cTextual
040 _aSDCL
_cSDCL
_beng
041 _2eng
_aeng
082 _aV73y7N131, M0
100 _aLongford Lord
_9426127
245 0 _aNixon
_b A study in extremes of fortune
260 _aLondon
_bWeidenfeld and Nicolson
_c1980
300 _aix,205p
_ccm.
942 _hV73y7N131, M0
_cTEXL
_2CC
999 _c743127
_d743127